Mi Simón Bolívar (Registro nro. 63740)
[ vista simple ]
| 001 - NÚMERO DE CONTROL | |
|---|---|
| campo de control | 73537 |
| 005 - FECHA Y HORA DE LA ÚLTIMA TRANSACCIÓN | |
| campo de control | 20260506072428.0 |
| 008 - DATOS DE LONGITUD FIJA--INFORMACIÓN GENERAL | |
| campo de control de longitud fija | 960313s1993 spa |
| 020 ## - NÚMERO INTERNACIONAL ESTÁNDAR DEL LIBRO | |
| Número Internacional Estándar del Libro | 9589127401 |
| 035 ## - NÚMERO DE CONTROL DEL SISTEMA | |
| Número de control de sistema | 73537 |
| 035 ## - NÚMERO DE CONTROL DEL SISTEMA | |
| Número de control de sistema | (OCoLC)318269382 |
| 040 ## - FUENTE DE LA CATALOGACIÓN | |
| Centro/agencia transcriptor | comduadb |
| 041 ## - CÓDIGO DE LENGUA | |
| Código de lengua del texto/banda sonora o título independiente | spa |
| 080 ## - NÚMERO DE LA CLASIFICACIÓN DECIMAL UNIVERSAL | |
| Número de la Clasificación Decimal Universal | C/ |
| 100 10 - ENTRADA PRINCIPAL--NOMBRE DE PERSONA | |
| Nombre de persona | González, Fernando, |
| Fechas asociadas al nombre | 1895-1964 |
| Código de función | aut |
| Número de control del registro de autoridad o número normalizado | (isni)000000011494924 |
| -- | (viaf)87363343 |
| Término indicativo de función/relación | Autor/a |
| 9 (RLIN) | 568674 |
| 245 10 - MENCIÓN DE TÍTULO | |
| Título | Mi Simón Bolívar |
| 250 ## - MENCIÓN DE EDICIÓN | |
| Mención de edición | 5. edición |
| 260 ## - PUBLICACIÓN, DISTRIBUCIÓN, ETC. | |
| Lugar de publicación, distribución, etc. | Medellín : |
| Nombre del editor, distribuidor, etc. | Universidad Pontificia Bolivariana, |
| Fecha de publicación, distribución, etc. | 1993. |
| 300 ## - DESCRIPCIÓN FÍSICA | |
| Extensión | 264 páginas |
| 505 ## - NOTA DE CONTENIDO CON FORMATO | |
| Nota de contenido con formato | CONTENIDO: Introducción. -- Lucas Ochoa. -- Cómo se hizo psicólogo Lucas Ochoa. -- Cómo arrojaron a Lucas de la Universidad. -- Una carta de Lucas. -- Salida para Nuev York. -- Un duelo. -- Una tempestad. -- En el mar. -- En Nueva York. -- Lucas Ochoa prifesor de psicología. -- Lucas, juez. -- Retrato de Lucas Ochoa. -- Primera libreta. -- El yogui o brujo. -- Quietismo. -- Ejemplo de concentración en su ideal orgánico, de refacción orgánica. -- Primeros resultados obtenidos durante su aprendizaje con la viuda. -- Mi tabla de valores. -- Autosugestión. -- Por qué y cómo se casó Lucas. -- Tercera libreta. -- La mala conciencia. -- La religión. -- El medio ambiente. -- Un amanecer. -- Mi querido amigo Bolaños. -- El padre Elías. -- Aparece el libertador. -- Lucas y Mahatma Gandhi. -- Segunda parte. La conciencia. -- Una conferencia. - Ensayo de mensura de Bolivar. -- Carta de Jamaica. -- Continuación de la mensura de Bolivar. -- Discurso de Angostura. -- El hombre que se documenta. Retrato de Bolívar. -- Materialización. -- Invocación. -- Retrato. -- Los ojos. -- La voz. -- Epílogo. |
| 520 3# - SUMARIO, ETC. | |
| Sumario, etc. | RESUMEN : El libro es muy íntimo. Para los que no están familiarizados con la obra de Fernando González se les hace extraño encontrar que la mitad del libro, si acaso se mencione un par de veces a Bolívar, y todo sea el periplo intelectual y emocional de Lucas Ochoa. Los lectores que llegan a la mitad irán descubriendo a Bolívar, cómo éste se mete en el alma de Lucas, en el alma de Fernando González. Y encontramos un ensayo sobre Bolívar que quizá dice mucho más que 10 biografías extensas. |
| 600 14 - PUNTO DE ACCESO ADICIONAL DE MATERIA--NOMBRE DE PERSONA | |
| Nombre de persona | Bolívar, Simón, |
| Fechas asociadas al nombre | 1783-1830 |
| 9 (RLIN) | 861539 |
| 650 ## - PUNTO DE ACCESO ADICIONAL DE MATERIA--TÉRMINO DE MATERIA | |
| Término de materia o nombre geográfico como elemento de entrada | Bolívar, Simón, 1783-1830 - Pensamiento |
| 9 (RLIN) | 44615 |
| 650 ## - PUNTO DE ACCESO ADICIONAL DE MATERIA--TÉRMINO DE MATERIA | |
| Término de materia o nombre geográfico como elemento de entrada | Bolívar, Simón, 1783-1830 - Pensamiento filosófico |
| 9 (RLIN) | 60645 |
| 942 ## - ELEMENTOS DE ENTRADA AGREGADA (KOHA) | |
| Tipo de ítem Koha | Libros |
| Estado de retiro | Estado de pérdida | Estado dañado | No para préstamo | Código de colección | Localización permanente | Ubicación/localización actual | Fecha de adquisición | Número de inventario | Total de préstamos | Signatura topográfica completa | Código de barras | Fecha visto por última vez | Número de copia | Precio válido a partir de | Tipo de ítem Koha | Fecha del último préstamo | Fuente de adquisición | Fuente del sistema de clasificación o colocación | Forma de adquisición | Coste, precio normal de compra |
|---|---|---|---|---|---|---|---|---|---|---|---|---|---|---|---|---|---|---|---|---|
| Colección de Literatura | Biblioteca Campus El Carmen de Viboral | Biblioteca Campus El Carmen de Viboral | 21/02/2023 | C13331283 | 2 | C864 G643 1993 | 01088834 | 29/09/2025 | 21/04/2023 | Libros | 22/09/2025 | Material adquirido por donación | Clasificación Decimal Dewey | Donación | 30000.00 | |||||
| Colección General | Biblioteca Campus Turbo | Biblioteca Campus Turbo | 15/03/2012 | C1139724 | C864 G643mi | 6-10000003280410 | 21/04/2023 | 3 | 21/04/2023 | Libros | Material adquirido por donación | |||||||||
| Colección de Literatura Latinoamericana (Piso 1) | Biblioteca Carlos Gaviria Díaz, Campus Medellín | Biblioteca Carlos Gaviria Díaz, Campus Medellín | 08/07/1997 | C117617 | C864 G643 1993 | 61000001598727 | 21/04/2023 | 1 | 21/04/2023 | Libros | ||||||||||
| Colección de Literatura Latinoamericana (Piso 1) | Biblioteca Carlos Gaviria Díaz, Campus Medellín | Biblioteca Carlos Gaviria Díaz, Campus Medellín | 25/07/1997 | C117618 | 1 | C864 G643 1993 e2 | 61000001643952 | 20/02/2024 | 2 | 21/04/2023 | Libros | 19/02/2024 | ||||||||
| Colección de Literatura Latinoamericana (Piso 1) | Biblioteca Carlos Gaviria Díaz, Campus Medellín | Biblioteca Carlos Gaviria Díaz, Campus Medellín | 04/03/2014 | C1198743 | 2 | C864 G643 1993 e3 | 0989875 | 11/03/2024 | 4 | 21/04/2023 | Libros | 25/08/2023 | Material adquirido por donación |